000 00821cab a22001815a 4500
001 L145603
008 081024s2008 xxkoe f 000 0 eng d
035 _a(Sirsi) u145603
041 0 _aeng
100 1 _aPearson, Andy
245 0 0 _aYou were wonderful, Darling
260 _c2008
490 _aBuilding Service Journal
_v30 (10) October 2008, 26-29 (4)
520 _aPresent Workplace 6, a green building in construction in Sidney, Australia. Explains the methods and techniques used to make it a six star building under the Green Building Council of Australia's eco-design rating scheme. Reports that it contains a tri-generation plant, chillers, daylight sensors and a sewer mining system. Details the project data.
651 4 _aAustralia
690 _aBUILT ENVIRONMENT-SUSTAINABLE CONSTRUCTION
942 _n0
999 _c80894
_d80894